000 01238cad a22002535a 4500
001 L137598
008 070417e20070323xxkbdo f f000 0 eng d
020 _a9780102944679
035 _a(Sirsi) u137598
041 0 _aeng
050 0 4 _a350.713 $2 18
110 1 _aUnited Kingdom
_bNational Audit Office
_91350
245 0 0 _aManaging the defence estate
_bquality and sustainability
_h[electronic resource
260 _aLondon
_bTSO
_c2007
490 0 _aHouse of Commons Paper
_vHC 154 2006-2007
520 _aThe Ministry of Defence is the second largest landowner in the United Kingdom with an estate of over 240 000 hectares, which includes a built estate of 80 000 hectares. Follows an earlier report which looked at deterioration in the quality of the estate and reports on efforts made to achieve an estate of the right quality. Makes a number of recommendations to assist in achieving this objective.
590 _aKA
650 2 4 _aESTATE MANAGEMENT
651 4 _aUnited Kingdom
_y
690 _aPROPERTY-OTHER PROPERTY TYPES-MILITARY PROPERTY
710 1 _aUnited Kingdom
_bMinistry of Defence
_95166
856 4 0 _uhttps://www.nao.org.uk/pn/06-07/0607154.htm
_zView the item free of charge at www.nao.org.uk...
942 _n0
999 _c106842
_d106842